Bahnhöfe in NRW ab Preisklasse 4 - Statistiken

Allgemein
  • Dieses Quiz wurde 124 mal gespielt
  • Das Durchschnittsergebnis liegt bei 54 aus 148
Antwortstatistiken
Preisklasse Name % Korrekt
1 Dortmund Hbf
84%
1 Düsseldorf Hbf
83%
1 Köln Hbf
83%
2 Aachen Hbf
79%
2 Bochum Hbf
77%
2 Bonn Hbf
76%
1 Köln Messe/Deutz
76%
1 Duisburg Hbf
73%
1 Essen Hbf
73%
2 Hamm (Westf)
72%
2 Wuppertal Hbf
72%
2 Bielefeld Hbf
71%
2 Düsseldorf Flughafen
71%
3 Düren
65%
4 Leverkusen Mitte
65%
2 Gelsenkirchen Hbf
64%
2 Mönchengladbach Hbf
64%
2 Oberhausen Hbf
64%
2 Neuss Hbf
63%
2 Hagen Hbf
61%
3 Paderborn Hbf
60%
3 Siegen Hbf
60%
2 Solingen Hbf
57%
4 Herne
55%
3 Recklinghausen Hbf
55%
3 Krefeld Hbf
53%
3 Minden (Westf)
53%
3 Gütersloh Hbf
52%
2 Herford
51%
3 Unna
51%
4 Ahlen (Westf)
49%
4 Bottrop Hbf
49%
4 Lippstadt
49%
3 Witten Hbf
49%
3 Wuppertal-Oberbarmen
49%
4 Düsseldorf-Benrath
48%
4 Castrop-Rauxel Hbf
47%
4 Köln Hansaring
47%
4 Köln Süd
47%
4 Wattenscheid
47%
3 Wuppertal-Barmen
47%
3 Köln/Bonn Flughafen
45%
4 Düsseldorf-Bilk
44%
3 Köln-Ehrenfeld
44%
3 Köln-Mülheim
44%
3 Wesel
44%
4 Brühl
43%
4 Euskirchen
43%
3 Rheine
43%
3 Soest
43%
4 Aachen-Rothe Erde
41%
4 Essen-Steele
41%
2 Münster (Westf) Hbf
41%
3 Troisdorf
41%
3 Wanne-Eickel Hbf
41%
4 Bonn-Bad Godesberg
40%
4 Dormagen
40%
3 Mülheim (Ruhr) Hbf
40%
3 Viersen
40%
3 Wuppertal-Vohwinkel
40%
4 Haltern am See
39%
2 Altenbeken
37%
4 Bad Oeynhausen
37%
3 Horrem
37%
4 Kamen
37%
4 Bonn-Beuel
36%
3 Au (Sieg)
35%
4 Essen West
35%
3 Greven
35%
4 Köln West
35%
4 Rheydt Hbf
35%
4 Wuppertal-Unterbarmen
35%
4 Dorsten
33%
3 Dortmund-Dorstfeld
33%
4 Emmerich
33%
4 Rheda-Wiedenbrück
33%
4 Hilden
32%
4 Lünen Hbf
32%
3 Mülheim (Ruhr)-Styrum
32%
4 Oelde
32%
4 Porta Westfalica
32%
3 Schwelm
32%
3 Siegburg/Bonn
32%
4 Bonn-Mehlem
31%
4 Eschweiler Hbf
31%
4 Grevenbroich
31%
4 Neubeckum
31%
4 Schwerte (Ruhr)
31%
4 Köln-Chorweiler
29%
4 Dülmen
28%
4 Düsseldorf Zoo
28%
4 Essen-Steele Ost
28%
4 Geilenkirchen
28%
4 Erkelenz
27%
4 Porz (Rhein)
27%
4 Düsseldorf-Unterrath
25%
4 Opladen
25%
4 Warburg (Westf)
25%
4 Bochum-Langendreer
24%
4 Bochum-Langendreer West
24%
4 Brackwede
24%
4 Dortmund-Dorstfeld Süd
24%
4 Dortmund Signal-Iduna-Park
24%
4 Dortmund-Universität
24%
4 Essen-Frohnhausen
24%
4 Hennef (Sieg)
24%
4 Düsseldorf Wehrhahn
23%
4 Köln Frankfurter Straße
23%
4 Wuppertal Zoologischer Garten
23%
4 Arnsberg (Westf)
21%
4 Gladbeck West
21%
3 Herzogenrath
21%
4 Hürth-Kalscheuren
21%
4 Rheinhausen
21%
4 Bünde (Westf)
20%
4 Dortmund-Hörde
20%
4 Duisburg-Großenbaum
20%
4 Düsseldorf-Derendorf
20%
4 Ibbenbüren
20%
4 Kall
20%
4 Löhne (Westf)
20%
4 Köln-Chorweiler Nord
19%
4 Porz-Wahn
19%
4 Duisburg-Buchholz
17%
4 Iserlohn-Letmathe
17%
4 Krefeld-Oppum
17%
4 Essen Stadtwald
16%
3 Stolberg (Rheinl) Hbf
16%
4 Werl
16%
4 Wuppertal-Sonnborn
16%
4 Bornheim-Sechtem
15%
4 Erftstadt
15%
4 Gruiten
15%
4 Köln-Dellbrück
15%
4 Köln Geldernstraße/Parkgürtel
15%
4 Meschede
15%
4 Emsdetten
13%
4 Hückelhoven-Baal
13%
4 Köln-Longerich
13%
4 Kreuztal
13%
4 Siegen-Weidenau
13%
4 Finnentrop
12%
4 Duisburg-Meiderich Süd
11%
4 Düsseldorf-Reisholz
11%
4 Lindern
11%
4 Fröndenberg
9%
4 Plettenberg
8%
4 Lennestadt-Altenhundem
7%
Keine übereinstimmenden Quizze gefunden
Verteilung der Resultate
Anzahl Personen mit jedem Resultat
Perzentil nach korrekt beantworteten Fragen
Ihre Resultats-Entwicklung
Sie haben dieses Quiz noch nicht gespielt